| Tag |
First Indicator |
Second Indicator |
Subfields |
| LEADER |
00000cam a22000001a 4500 |
| 001 |
in00002145839 |
| 006 |
m e d # |
| 007 |
cr mn mmmmabba |
| 008 |
861212s1773 mdu s s000 0 eng d |
| 005 |
20260331161437.7 |
| 035 |
|
|
|z t096914
|
| 035 |
|
|
|z w014035
|
| 035 |
|
|
|a MAAR8612121003B
|
| 035 |
|
|
|9 mwa91-7225
|
| 035 |
|
|
|a 321506
|
| 035 |
|
|
|a aas03014035
|
| 040 |
|
|
|a MWA
|c MWA
|e bdrb
|d UtOrBLW
|
| 110 |
1 |
|
|a Maryland.
|b General Assembly.
|b House of Delegates.
|
| 245 |
1 |
0 |
|a Votes and proceedings of the Lower House of Assembly of the province of Maryland :
|b June session, 1773. Being the first session of this Assembly.
|
| 264 |
|
3 |
|a Annapolis :
|b Printed by Anne Catharine Green, printer to the province,
|c [1773]
|
| 300 |
|
|
|a 28 pages ;
|c (folio)
|
| 336 |
|
|
|a text
|b txt
|2 rdacontent
|
| 337 |
|
|
|a computer
|b c
|2 rdamedia
|
| 338 |
|
|
|a online resource
|b cr
|2 rdacarrier
|
| 500 |
|
|
|a Caption title.
|
| 500 |
|
|
|a Imprint from colophon, page 28.
|
| 510 |
4 |
|
|a Evans
|c 12843
|
| 510 |
4 |
|
|a Wroth, L.C. Maryland,
|c 319
|
| 530 |
|
|
|a Microform version available in the Readex Early American Imprints series.
|
| 533 |
|
|
|a Electronic text and image data.
|b [Chester, Vt. :
|c Readex, a division of Newsbank, Inc.,
|d 2002-2004.
|e Includes files in TIFF, GIF and PDF formats with inclusion of keyword searchable text.
|f (Early American imprints. First series ; no. 12843).
|
| 500 |
|
|
|a Electronic resource.
|
| 752 |
|
|
|a United States
|b Maryland
|d Annapolis.
|
| 830 |
|
0 |
|a Early American imprints.
|n Series I,
|p Evans (1639-1800) ;
|v no. 12843.
|
| 856 |
4 |
1 |
|u http://proxy.library.tamu.edu/login?url=https://opac.newsbank.com/select/evans/12843
|y Evans Digital Edition
|t 0
|
| 999 |
|
|
|a MARS
|
| 999 |
f |
f |
|s 02e6ff83-8d73-3d23-821a-650ff14d15fd
|i c50be3ec-7874-3da4-b037-b26ad0ae59e9
|t 0
|
| 952 |
f |
f |
|a Texas A&M University
|b College Station
|c Electronic Resources
|s www_evans
|d Available Online
|t 0
|h No information provided
|
| 998 |
f |
f |
|t 0
|l Available Online
|